000 01190cad a22002175a 4500
001 L138280
008 070525e20070514xxk f 000 0 eng d
035 _a(Sirsi) u138280
041 0 _aeng
050 0 4 _a711.3 $2 18
110 2 _aAMION Consulting
245 0 4 _aThe economic value of urban design
_bfinal report
_h[electronic resource]
260 _aLiverpool
_bNWDA/RENEW Northwest
520 _aConsiders the extent to which good urban design contributes toward economic growth. Presents an analysis of the components and key aspects of good urban design. Presents a framework for the analysis of quality design and its economic value. Presents a number of case studies and applies each of these to the assessment framework. Concludes that an increase of 15-20% in value can be attained by following key strategies for good design. Some of these do not increase building or design costs.
590 _aKA
651 4 _aEngland and Wales
_y1543-
690 _aENVIRONMENTAL AND LAND CONSULTANCY-PLANNING AND DEVELOPMENT
710 1 _aTaylor Young
856 4 0 _uhttps://www.placesmatter.co.uk/webfm_send/23
_zView the report free of charge at www.placesmatter.co.uk
942 _n0
999 _c107103
_d107103